Speaking the Nation: the opatorical making of secular, neoliberal India/ (Record no. 176422)

MARC details
000 -LEADER
fixed length control field 00646nam a22001817a 4500
005 - DATE AND TIME OF LATEST TRANSACTION
control field 20201222130556.0
010 ## - LCCN (DPL NO)
LC control number ENG-128708
020 ## - INTERNATIONAL STANDARD BOOK NUMBER
International Standard Book Number 978-0-19-948174-1
Terms of availability 895.00
035 ## - SYSTEM CONTROL NUMBER
System control number EN-112240
037 ## - SOURCE OF ACQUISITION
Source of stock number/acquisition DBAD/PUB
082 ## - DEWEY DECIMAL CLASSIFICATION NUMBER
Classification number 954.05
100 ## - MAIN ENTRY--PERSONAL NAME
Personal name Bajpai, Anandita
245 ## - TITLE STATEMENT
Title Speaking the Nation: the opatorical making of secular, neoliberal India/
Remainder of title Anandita Bajpai
260 ## - PUBLICATION, DISTRIBUTION, ETC. (IMPRINT)
Place of publication, distribution, etc New Delhi
Name of publisher, distributor, etc Oxford University Press
Date of publication, distribution, etc 2018
270 ## - ADDRESS
City New Delhi
Postal code 110002
Address 2/11, Ground Floor, Ansari Road, Daryaganj
300 ## - PHYSICAL DESCRIPTION
Extent xv+335p.
Dimensions 22cm(hbk)
Other physical details Including bibliographical references and index.
942 ## - ADDED ENTRY ELEMENTS (KOHA)
Source of classification or shelving scheme Dewey Decimal Classification
Item type English Books
Classification part 954.05
Call number suffix BAJ
Holdings
Withdrawn status Lost status Not for loan Collection code Home library Current library Date acquired Source of acquisition Cost, normal purchase price Full call number Barcode Copy number Cost, replacement price Koha item type
      Non-fiction Ashok Vihar Ashok Vihar 22/12/2020 DBAD/PUB 895.00 954.05 BAJ EN-112240 1 895.00 English Books

© Delhi Public Library
Hit Counter
free hit counter